| 000 | 00584nam a22002057a 4500 | ||
|---|---|---|---|
| 005 | 20251108165337.0 | ||
| 008 | 250721s1981 xx 000 0 ara d | ||
| 082 | 1 | 4 | _a961.03/سمي |
| 100 | 1 | _aأمين، سمير | |
| 245 | 1 | 0 | _aالمغرب العربي الحديث / |
| 250 | _aط3 | ||
| 264 | 1 |
_aبيروت : _bدار الحداثة، _c1981. |
|
| 300 | _a306ص | ||
| 490 | 0 | _aالسلسلة التاريخية | |
| 650 | 1 | 7 | _aالمغرب العربي |
| 650 | 1 | 7 | _aالتاريخ |
| 700 | 1 |
_aداغر، كميل ق _eترجمة |
|
| 942 |
_2ddc _cBK |
||
| 999 |
_c25607 _d25607 |
||